| 000 | 01043nam a22002177a 4500 | ||
|---|---|---|---|
| 003 | OSt | ||
| 005 | 20250923092129.0 | ||
| 008 | 240301b ||||| |||| 00| 0 eng d | ||
| 040 | _c0 | ||
| 082 | _aDPer 621.317 Ie21 June 2022 v. 37 n. 6 | ||
| 100 |
_aMoutevelis, Dionysios. _eauthor. _953826 |
||
| 245 |
_aBifurcation analysis of active electrical distribution networks considering load tap changers and power converter capacity limits / _cDionysios Moutevelis, Javier Roldán-Pérez, Milan Prodanovic, and Santiago Sanchez-Acevedo. |
||
| 260 |
_aNew York ; _bThe Institute of Electrical and Electronics Engineers, Inc. , _cJune 2022. |
||
| 300 |
_aVolume 37, pages 7230-7246 : _billustration ; _c29 cm. |
||
| 500 | _aIEEE Transactions on Power Electronics, vol. 37, no. 6, pages 7230-7246, June 2022. | ||
| 700 |
_aMoutevelis, Dionysios. _eauthor. _953826 |
||
| 700 |
_aRoldán-Pérez, Javier. _eauthor. _953827 |
||
| 700 |
_aProdanovic, Milan. _eauthor. _953828 |
||
| 700 |
_aSanchez-Acevedo, Santiago. _eauthor. _953829 |
||
| 942 |
_2ddc _cPER |
||
| 999 |
_c19490 _d19490 |
||